Poruchy transportu lipidů a lipoproteinů u obezity

Podrobná bibliografia
Hlavný autor: Žák, Aleš, 1951- (Autor)
Médium: Článok
Jazyk:čeština
Predmet:

MARC

LEADER 00000nab a2200000 a 4500
001 vtls000589511
003 SK-MaSNL
005 20260303170529.0
008 141112c1996 xo 0 cze
015 |a SNBRB19rr/mm-uuuuu 
035 |a CL0589650 
040 |a SNKBUCL  |b slo  |c SNKBUCL  |e AACR2 
041 0 |a cze 
044 |a xo  |c SK 
080 |a 616-056.52:577.125  |2 1981 
080 |a 577.125  |2 1981 
100 1 |a Žák, Aleš,  |d 1951-  |4 aut  |9 131974 
245 1 0 |a Poruchy transportu lipidů a lipoproteinů u obezity  |c A. Žák 
650 0 7 |a obezita  |2 snkbucl  |9 2527 
650 0 7 |a lipidy  |2 snkbucl  |9 15288 
650 0 7 |a lipoproteíny  |2 snkbucl  |9 414466 
655 7 |a články z novín a časopisov  |2 snkbucl  |9 267496 
773 0 |t Česká a slovenská gastroenterologie  |g Roč. 50, č. 2 (1996) 
773 0 |t [Príl.] Obezitologie 95  |g S. A5-A6 
850 |a Slovenská národná knižnica v Martine  |a MTA001 
852 |a SNK  |b KIS3GCP 
958 |a RK 
958 |a NX 
992 |a RBX 
999 |c 2077613  |d 2079543